[Event "Sochi ChessAmateur op10"]
[Site "Sochi"]
[Date "2018.10.13"]
[Round "2"]
[White "Dudin, Denis"]
[Black "Chernyavsky, Alexander"]
[Result "0-1"]
[WhiteElo "2226"]
[BlackElo "2319"]
[PlyCount "104"]
[EventDate "2018.10.12"]
[EventType "swiss"]
[EventRounds "9"]
[EventCountry "RUS"]
[SourceTitle "CBM 187 Extra"]
[Source "ChessBase"]
[SourceDate "2018.11.04"]
[SourceVersion "1"]
[SourceVersionDate "2018.11.04"]
[SourceQuality "1"]

1. d4 Nf6 2. Nf3 d5 3. c4 e6 4. Bg5 Nbd7 5. e3 Be7 6. Nc3 c6 7. Qc2 a6 8. 0-0-0 b5 9. cxd5 cxd5 10. Kb1 Bb7 11. Ne5 Nxe5 12. dxe5 Ng4 13. Bf4 Qb8 14. e4 dxe4 15. Qe2 h5 16. h3 b4 17. Na4 Nh6 18. Nb6 Ra7 19. Nc4 Nf5 20. Nd6+ Bxd6 21. exd6 Kd7 22. Qc2 Bc6 23. Be2 Rc8 24. Bxh5 b3 25. Qxb3 Qxb3 26. axb3 g6 27. Be2 Bd5 28. f3 exf3 29. Bxf3 Bxf3 30. gxf3 f6 31. Rd3 e5 32. Bd2 Rb7 33. f4 e4 34. Rc3 Rg8 35. Rhc1 Nxd6 36. Rc6 Rh8 37. Rxa6 Rxh3 38. Bc3 Rd3 39. Bxf6 e3 40. Bc3 Rb5 41. Kc2 Rbd5 42. Ra5 Rxc3+ 43. bxc3 Rxa5 44. Rg1 Ra2+ 45. Kd3 Nf5 46. c4 Rd2+ 47. Kc3 Rf2 48. b4 Rxf4 49. Rxg6 e2 50. Kd2 Re4 51. Rg1 Nd4 52. Kd3 e1Q 0-1

[Event "Astrakhan op"]
[Site "Astrakhan"]
[Date "2013.08.21"]
[Round "8"]
[White "Dudin, Denis"]
[Black "Shaposhnikov, Evgeny"]
[Result "0-1"]
[WhiteElo "2130"]
[BlackElo "2552"]
[PlyCount "58"]
[EventDate "2013.08.14"]
[EventType "swiss"]
[EventRounds "9"]
[EventCountry "RUS"]
[SourceTitle "CBM 156 Extra"]
[Source "ChessBase"]
[SourceDate "2013.10.22"]
[SourceVersion "1"]
[SourceVersionDate "2013.10.22"]
[SourceQuality "1"]

1. Nf3 Nf6 2. c4 e6 3. Nc3 Bb4 4. Qc2 c5 5. e4 Nc6 6. a3 Ba5 7. Be2 0-0 8. 0-0 d5 9. exd5 exd5 10. Na4 Re8 11. cxd5 Qxd5 12. Qc4 Qh5 13. Bd1 Bc7 14. Qxc5 Bf5 15. d4 Ne4 16. Ne5 Qxd1 17. Rxd1 Nxc5 18. Nxc5 Nxd4 19. Ned3 b6 20. Na6 Bd6 21. Be3 Nb3 22. Rab1 Rad8 23. Kf1 Rd7 24. Ke2 Red8 25. a4 f6 26. a5 Bf8 27. axb6 axb6 28. Nf4 Bxb1 29. Rxb1 Ra8 0-1

[Event "Saratov-ch"]
[Site "Saratov"]
[Date "2012.02.29"]
[Round "5"]
[White "Fedukin, Alexandre"]
[Black "Dudin, Denis"]
[Result "0-1"]
[WhiteElo "1895"]
[BlackElo "2073"]
[PlyCount "56"]
[EventDate "2012.02.24"]
[EventType "swiss"]
[EventRounds "9"]
[EventCountry "RUS"]
[SourceTitle "CBM 147 Extra"]
[Source "ChessBase"]
[SourceDate "2012.04.24"]
[SourceVersion "1"]
[SourceVersionDate "2012.04.24"]
[SourceQuality "1"]

1. c4 e6 2. Nf3 d5 3. g3 Nf6 4. Bg2 Be7 5. 0-0 0-0 6. d4 dxc4 7. Qa4 a6 8. Qxc4 b5 9. Qc2 Bb7 10. Nbd2 Nbd7 11. e4 c5 12. e5 Nd5 13. dxc5 Nxc5 14. Nb3 Nb4 15. Qe2 Qd3 16. Nfd4 Bxg2 17. Qxd3 Nbxd3 18. Kxg2 Nxb3 19. axb3 Nxe5 20. f4 Nd3 21. Nc6 Bf6 22. Be3 Rfc8 23. Nd4 Nxb2 24. Rf2 Nd3 25. Rd2 Nb4 26. Rad1 h6 27. g4 Nd5 28. Rd3 Bxd4 0-1

[Event "Saratov Winter Cup school"]
[Site "Saratov"]
[Date "2011.12.30"]
[Round "7.3"]
[White "Dudin, Denis"]
[Black "Efimov, Ivan"]
[Result "0-1"]
[WhiteElo "2073"]
[BlackElo "2119"]
[PlyCount "84"]
[EventDate "2011.12.26"]
[EventType "swiss"]
[EventRounds "9"]
[EventCountry "RUS"]
[SourceTitle "EXT 2022"]
[Source "ChessBase"]
[SourceDate "2021.10.06"]
[SourceVersion "1"]
[SourceVersionDate "2021.10.06"]
[SourceQuality "1"]

1. e4 e5 2. Nf3 Nc6 3. Bc4 Bc5 4. d4 exd4 5. 0-0 d6 6. Bg5 Nf6 7. c3 Bg4 8. h3 Bxf3 9. gxf3 h6 10. Bh4 g5 11. Bg3 Nh5 12. b4 Bb6 13. f4 Nxf4 14. Bxf4 gxf4 15. Qh5 Qg5+ 16. Qxg5 hxg5 17. Kg2 Ne5 18. Bb3 Rh4 19. f3 0-0-0 20. a4 a6 21. Na3 Rdh8 22. Rh1 dxc3 23. Rad1 a5 24. bxa5 Bxa5 25. Nc4 Nxc4 26. Bxc4 f6 27. Rd5 b6 28. Rdd1 Kd7 29. Bd3 Re8 30. Bc4 c6 31. Rd3 Kc7 32. Rhd1 Rd8 33. Be6 Rh7 34. Kf2 Re7 35. Bb3 Re5 36. Rd4 b5 37. Kg2 c5 38. Rd5 c4 39. Ba2 Rxd5 40. exd5 Rb8 41. axb5 Rxb5 42. Rb1 c2 0-1

[Event "Saratov Winter Cup school"]
[Site "Saratov"]
[Date "2011.12.30"]
[Round "8.4"]
[White "Rjanova, Valery"]
[Black "Dudin, Denis"]
[Result "1/2-1/2"]
[WhiteElo "2223"]
[BlackElo "2073"]
[PlyCount "95"]
[EventDate "2011.12.26"]
[EventType "swiss"]
[EventRounds "9"]
[EventCountry "RUS"]
[SourceTitle "EXT 2022"]
[Source "ChessBase"]
[SourceDate "2021.10.06"]
[SourceVersion "1"]
[SourceVersionDate "2021.10.06"]
[SourceQuality "1"]

1. e4 e5 2. Nf3 Nc6 3. Bb5 a6 4. Ba4 Nf6 5. 0-0 b5 6. Bb3 Be7 7. Re1 0-0 8. d3 d5 9. exd5 Nxd5 10. Nxe5 Nxe5 11. Rxe5 c6 12. Re1 Bd6 13. Nd2 Qh4 14. Nf3 Qh5 15. h3 Bd7 16. c4 Nf4 17. Bxf4 Bxf4 18. Ne5 Qf5 19. g4 Qe6 20. cxb5 Qd6 21. Nxd7 Qxd7 22. Qf3 Qd6 23. bxc6 Rac8 24. Re4 Bg5 25. Rc4 Kh8 26. Bc2 Bd8 27. d4 Bc7 28. d5 Rce8 29. Re4 Rb8 30. Bb3 a5 31. Rae1 Kg8 32. Qg3 Qd8 33. Qg2 Bd6 34. Qf3 Qg5 35. Qe3 Qf6 36. Qc3 Qd8 37. R1e3 Bc7 38. Re7 Qd6 39. Rd7 Qh2+ 40. Kf1 Bb6 41. c7 Rbe8 42. Rde7 Rxe7 43. c8Q Bxe3 44. fxe3 Qxh3+ 45. Kf2 Qh2+ 46. Kf1 Qh3+ 47. Kf2 Qh2+ 48. Kf1 1/2-1/2

[Event "Saratov Spring Cup"]
[Site "Saratov"]
[Date "2011.03.20"]
[Round "6"]
[White "Kvitka, Roman"]
[Black "Dudin, Denis"]
[Result "0-1"]
[WhiteElo "2038"]
[BlackElo "2084"]
[PlyCount "60"]
[EventDate "2011.03.14"]
[EventType "tourn"]
[EventRounds "10"]
[EventCountry "RUS"]
[SourceTitle "EXT 2013"]
[Source "ChessBase"]
[SourceDate "2012.11.22"]
[SourceVersion "1"]
[SourceVersionDate "2012.11.22"]
[SourceQuality "1"]

1. e4 e5 2. Bc4 Nf6 3. Nc3 Nc6 4. d3 Na5 5. Nge2 Nxc4 6. dxc4 d6 7. 0-0 Be6 8. b3 c6 9. Bg5 h6 10. Bh4 g5 11. Bg3 Nh5 12. f3 Qc7 13. Bf2 0-0-0 14. a4 Kb8 15. a5 g4 16. f4 exf4 17. Bd4 Rg8 18. Nxf4 Nxf4 19. Rxf4 d5 20. Rf2 dxc4 21. Rd2 Rxd4 22. Rxd4 Bc5 23. b4 Bxd4+ 24. Qxd4 g3 25. h3 Rd8 26. Qe3 Qd6 27. b5 cxb5 28. e5 Qd4 29. Qxd4 Rxd4 30. Nxb5 Rd2 0-1

[Event "Saratov-ch SUSE"]
[Site "Saratov"]
[Date "2010.12.14"]
[Round "5"]
[White "Dudin, Denis"]
[Black "Tomnikova, Lidia"]
[Result "0-1"]
[WhiteElo "2081"]
[BlackElo "2102"]
[PlyCount "90"]
[EventDate "2010.12.10"]
[EventType "swiss"]
[EventRounds "9"]
[EventCountry "RUS"]
[SourceTitle "EXT 2013"]
[Source "ChessBase"]
[SourceDate "2012.11.22"]
[SourceVersion "1"]
[SourceVersionDate "2012.11.22"]
[SourceQuality "1"]

1. Nf3 Nc6 2. c4 e5 3. Nc3 f5 4. d4 e4 5. Ng5 h6 6. Nh3 g5 7. e3 Nf6 8. Be2 Bg7 9. Bh5+ Kf8 10. b3 d6 11. Be2 Kg8 12. Bb2 Bd7 13. a3 Ne7 14. d5 a6 15. Qc2 b5 16. 0-0-0 Qb8 17. cxb5 axb5 18. g4 b4 19. axb4 Qxb4 20. gxf5 Bxf5 21. Ng1 Nd7 22. Bc4 Nc5 23. h4 Nd3+ 24. Rxd3 exd3 25. Qd2 g4 26. e4 Bd7 27. f4 Ng6 28. e5 dxe5 29. d6+ Kh7 30. Qxd3 e4 31. Qd5 Rhf8 32. Nge2 Qxd6 33. Qxd6 cxd6 34. Bd5 Rac8 35. Bxe4 Bc6 36. Kb1 Bxe4+ 37. Nxe4 d5 38. N4c3 Bxc3 39. Bxc3 Nxf4 40. Nxf4 Rxf4 41. Be5 Re4 42. Bd6 Rc6 43. Bf8 g3 44. Rg1 Rf6 45. Bc5 Re2 0-1

[Event "Saratov-ch SUSE"]
[Site "Saratov"]
[Date "2010.12.12"]
[Round "3"]
[White "Eramian, Gamlet"]
[Black "Dudin, Denis"]
[Result "0-1"]
[WhiteElo "2047"]
[BlackElo "2081"]
[PlyCount "100"]
[EventDate "2010.12.10"]
[EventType "swiss"]
[EventRounds "9"]
[EventCountry "RUS"]
[SourceTitle "EXT 2013"]
[Source "ChessBase"]
[SourceDate "2012.11.22"]
[SourceVersion "1"]
[SourceVersionDate "2012.11.22"]
[SourceQuality "1"]

1. d4 Nf6 2. c4 c5 3. Nf3 cxd4 4. Nxd4 e5 5. Nb5 d5 6. cxd5 Bc5 7. e3 0-0 8. N5c3 e4 9. Be2 Qe7 10. a3 Rd8 11. b4 Bd6 12. Bb2 a6 13. Qb3 Nbd7 14. Nd2 b5 15. Qc2 Re8 16. Nb3 Nb6 17. Rd1 Ng4 18. Nd4 Qh4 19. g3 Qf6 20. Bxg4 Bxg4 21. Rd2 Qg6 22. Qb3 Nc4 23. Rc2 Qh6 24. Nce2 Rac8 25. h3 Ne5 26. Nf4 Nf3+ 27. Nxf3 Bxf3 28. Rg1 g5 29. Ne2 Qxh3 30. Nd4 Bg4 31. Rxc8 Rxc8 32. Nc6 Qh2 33. Rf1 Rf8 34. Qc3 f6 35. Qc2 Qg2 36. Bd4 Bh3 37. Qe2 Kg7 38. Bc5 Bxc5 39. bxc5 Rc8 40. f4 Qxf1+ 41. Qxf1 Bxf1 42. Kxf1 Kf7 43. fxg5 fxg5 44. g4 Rxc6 45. dxc6 Ke7 46. Ke2 Kd8 47. Kd2 Kc7 48. Kc3 a5 49. Kd4 Kxc6 50. Kxe4 Kxc5 0-1

[Event "Saratov RSOCF 10"]
[Site "Saratov"]
[Date "2010.10.22"]
[Round "11.6"]
[White "Fedorov, Oleg An"]
[Black "Dudin, Denis"]
[Result "0-1"]
[WhiteElo "1880"]
[BlackElo "2074"]
[PlyCount "58"]
[EventDate "2010.10.11"]
[EventType "tourn"]
[EventRounds "11"]
[EventCountry "RUS"]
[SourceTitle "EXT 2023"]
[Source "ChessBase"]
[SourceDate "2022.10.05"]
[SourceVersion "1"]
[SourceVersionDate "2022.10.05"]
[SourceQuality "1"]

1. Nf3 Nc6 2. g3 e5 3. d4 exd4 4. Nxd4 Bc5 5. Nb3 Bb6 6. Bg2 Nf6 7. c4 d6 8. Nc3 0-0 9. 0-0 Ne5 10. Bg5 h6 11. Bxf6 Qxf6 12. Nd5 Qd8 13. Qc2 c6 14. Nxb6 axb6 15. f4 Ng4 16. Qd3 b5 17. cxb5 Qb6+ 18. Qd4 Qxb5 19. Bf3 Ra4 20. Qxd6 Ne3 21. Qc5 Nxf1 22. Qxb5 cxb5 23. Kxf1 Be6 24. Nc5 Rxa2 25. Rxa2 Bxa2 26. Nxb7 Rc8 27. Nd6 Rc1+ 28. Kf2 b4 29. Be4 Rd1 0-1

[Event "Saratov RSOCF 10"]
[Site "Saratov"]
[Date "2010.10.19"]
[Round "8.3"]
[White "Dudin, Denis"]
[Black "Palin, Denis"]
[Result "1/2-1/2"]
[WhiteElo "2074"]
[BlackElo "1991"]
[PlyCount "22"]
[EventDate "2010.10.11"]
[EventType "tourn"]
[EventRounds "11"]
[EventCountry "RUS"]
[SourceTitle "EXT 2023"]
[Source "ChessBase"]
[SourceDate "2022.10.05"]
[SourceVersion "1"]
[SourceVersionDate "2022.10.05"]
[SourceQuality "1"]

1. e4 e6 2. d4 d5 3. Nc3 Nf6 4. Bg5 dxe4 5. Nxe4 Be7 6. Bxf6 Bxf6 7. Nf3 0-0 8. c3 b6 9. Bd3 Bb7 10. 0-0 Nd7 11. Qe2 c5 1/2-1/2

[Event "Saratov RSOCF 10"]
[Site "Saratov"]
[Date "2010.10.16"]
[Round "6.4"]
[White "Dudin, Denis"]
[Black "Fedukin, Alexandre"]
[Result "1/2-1/2"]
[WhiteElo "2074"]
[BlackElo "1909"]
[PlyCount "38"]
[EventDate "2010.10.11"]
[EventType "tourn"]
[EventRounds "11"]
[EventCountry "RUS"]
[SourceTitle "EXT 2023"]
[Source "ChessBase"]
[SourceDate "2022.10.05"]
[SourceVersion "1"]
[SourceVersionDate "2022.10.05"]
[SourceQuality "1"]

1. d4 e6 2. Nf3 Nf6 3. g3 b6 4. Bg2 Bb7 5. 0-0 Be7 6. c4 c6 7. Qc2 d5 8. Ne5 Nfd7 9. Nxd7 Nxd7 10. e4 dxe4 11. Qxe4 Nf6 12. Qf4 Qd7 13. Nc3 Rd8 14. Rd1 0-0 15. Be3 Qd6 16. Qf3 Qb4 17. Qe2 Ba6 18. Bf1 Nd5 19. Ne4 Nxe3 1/2-1/2

[Event "Saratov RSOCF 10"]
[Site "Saratov"]
[Date "2010.10.14"]
[Round "4.5"]
[White "Dudin, Denis"]
[Black "Kvitka, Roman"]
[Result "1-0"]
[WhiteElo "2074"]
[BlackElo "2024"]
[PlyCount "81"]
[EventDate "2010.10.11"]
[EventType "tourn"]
[EventRounds "11"]
[EventCountry "RUS"]
[SourceTitle "EXT 2023"]
[Source "ChessBase"]
[SourceDate "2022.10.05"]
[SourceVersion "1"]
[SourceVersionDate "2022.10.05"]
[SourceQuality "1"]

1. d4 Nf6 2. Nf3 g6 3. c4 Bg7 4. g3 0-0 5. Bg2 d6 6. 0-0 Nc6 7. Nc3 Rb8 8. Bd2 e5 9. dxe5 dxe5 10. Bg5 Be6 11. Qxd8 Rbxd8 12. Nd2 h6 13. Bxf6 Rxd2 14. Bxg7 Kxg7 15. Bxc6 bxc6 16. b3 Rfd8 17. Rfd1 Bf5 18. Kf1 Kf8 19. Ke1 Rxd1+ 20. Rxd1 Rxd1+ 21. Kxd1 Ke7 22. Kd2 Kd6 23. Na4 Bd7 24. Kc3 c5 25. Nb2 Bf5 26. Nd1 g5 27. Ne3 Be6 28. g4 f6 29. Kd3 h5 30. gxh5 Bf7 31. Nf5+ Ke6 32. e4 Bg8 33. f3 Bh7 34. h6 c6 35. a3 a5 36. h3 Kd7 37. Kc3 Kc7 38. b4 cxb4+ 39. axb4 axb4+ 40. Kxb4 Kb6 41. Nd6 1-0